000 00867nam a2200265Ia 4500
003 OSt
005 20220926003529.0
006 a|||||r|||| 00| 0
007 ta
008 220923b |||||||| |||| 00| 0 eng d
020 _a9780195666120
_c495.00
037 _b893, 08/03/2018, Manohar Publishers & Distributors
_cGeneral Book
040 _aRTL
_cRTL
_beng
041 _2eng
_aeng
082 _aY9(T4), P4
100 _aPATEL I G
_9306901
245 0 _aEncounter with higher education
_bMy years at LSE
260 _a New Delhi
_bOxford University Press
_c2004
300 _axiv,200p
_ccm.
490 _aPalgrave Studies in Economic History
500 _aBibliography chapterwise
650 _aSociology
942 _hY9(T4), P4
_cGB
_2CC
999 _c608107
_d608107